Statistics for Top 10 Most Islamic European Countries

Click here to take the quiz!

General Stats

  • This quiz has been taken 43,108 times
    (26,017 since last reset)
  • The average score is 7 of 10

Answer Stats

% Country % Correct
58.8Albania
92%
50.7Bosnia and Herzegovina
83%
95.6Kosovo
80%
8.8France
79%
33.3North Macedonia
73%
13.4Bulgaria
72%
19.1Montenegro
68%
10 - 17Russia
62%
8.1Sweden
51%
8Austria
34%

Score Distribution

Percentile by Number Answered

Percent of People with Each Score

Your Score History

You have not taken this quiz since the last reset